Państwa według jednej podpowiedzi #17 - Statystyki

Ogólne statystyki
  • Ten quiz został rozwiązany 4 553 razy
  • Średni wynik to 9 z 20
Statystyki odpowiedzi
Podpowiedź: Państwo % Poprawnych
Żyje tam więcej ludzi niż w jakimkolwiek innym państwie. Indie
98%
Jego stolica to Lima. Peru
86%
Od 2022 roku jest zdecydowanie największym odbiorcą pomocy zagranicznej. Ukraina
70%
Było odkryte przez Portugalię w 1471 roku i nazwane na cześć św. Tomasza. Wyspy Świętego Tomasza i Książeca
64%
Jest najbardziej wysuniętym na zachód państwem, które graniczy z Rosją. Norwegia
59%
Jest to jedyne miejsce, w którym można spotkać lemury na wolności. Madagaskar
52%
Urodził się tam Roger Federer. Szwajcaria
52%
Dzieli wyspę Borneo z Malezją i Indonezją. Brunei
49%
Do 1974 roku było znane jako Gwinea Portugalska. Gwinea Bissau
49%
Zdobyło najwięcej medalów olimpijskich w maratonie. Kenia
48%
Do 1997 roku było znane jako Zair. Demokratyczna Republika Konga
45%
Jest znane ze swoich drewnianych butów, zwanych "klompen". Holandia
42%
Ma tam siedzibę Hezbollah. Liban
37%
Zachodnie wybrzeże Afryki spotyka tam równik. Gabon
28%
Odbyły się tam 3 godne uwagi defenestracje. Czechy
21%
Jego flaga to żółty księżyc na niebieskim tle. Palau
19%
Jego język narodowy jest blisko spokrewniony z perskim, ale zapisywany cyrylicą. Tadżykistan
16%
Jego nazwa z języka hiszpańskiego oznacza "stary i brodaty". Antigua i Barbuda
12%
Znajduje się tam wulkan Pinatubo, którego erupcja w 1991 roku obniżyła globalne temperatury. Filipiny
12%
Termin "republika bananowa" po raz pierwszy został użyty w stosunku do tego państwa. Honduras
11%
Nie znaleziono quizów pasujących do podanych kryteriów
Rozkład punktacji
Procent ludzi z każdym wynikiem
Percentyl według liczby udzielonych odpowiedzi
Twoja historia wyników
Nie rozwiązałeś tego quizu